000 01406naa a22003497a 4500
001 BR7405536
003 BR-BrBNA
005 20240918173631.0
007 ta
008 230509b bl.||||| |||| 00| 0 por d
040 _aBR-BrBNA
_bpor
_cBiblioteca Nacional de Agricultura
041 _a(Pt)
072 _aL30
_b5213
_b1930
_bG514
_bGZ74
090 _aL30 BR7405536
100 1 _aObeid, J.A.
100 1 _aGomide, J.A.
111 1 _a11. Reuniao da Sociedade Brasileira de Zootecnia
_cFortaleza, CE (Brazil)
_d22 Jul 1974
245 1 _aConsideracoes sobre um pastoreio racional rotativo no cerrado do triangulo mineiro [Graminea forrageira; Capim coloniao; Panicum maximum; Capim jaragua; Hyparrhemia rufa; Gado gir; Brasil]
260 3 _aFortaleza, CE (Brasil):
_bUniversidade Federal do Ceara,
_c1974.
500 _aAnais da 11. Reuniao da Sociedade Brasileira de Zootecnia Fortaleza, CE (Brasil): Universidade Federal do Ceara, 1974. p. 332-333 (BR7405536-AM)L30
650 _aNutricao animal
650 _aGado gir
650 _aCapim coloniao
650 _aCapim jaragua
650 _aCerrado
650 _aPastejo rotativo
650 _aGanho de peso
650 _aTriangulo mineiro
773 0 _tAnais da 11. Reuniao da Sociedade Brasileira de Zootecnia
_wL30 BR7405536
_gFortaleza, CE (Brasil), 1974. p. 332-333
909 _a202404
_bLucia
_c55
_dLucia Elande
942 _cAM
_2AGRIS
999 _c305872
_d305872